000 01311nam a22002537a 4500
005 20240530110552.0
008 160725s2014 ua adh f 000 0 ara d
017 _a2013/21375 ( ج 1 )
_bمصر . دار الكتب المصرية
017 _a 2013/21376 ( ج 2 )
_bمصر . دار الكتب المصرية
020 _a9789774114954 ( ج 1 )
020 _a9789774114961 ( ج 2 )
040 _aEG-CaGPL
082 0 4 _221
_a915.3\
_bم ت
100 0 _aمحمد ابراهيم حسن
245 1 0 _aتنوع مصادر المياه و مشروعات التوسع الزراعى :
_bدراسة جغرافية .
_nالجزء الاول ،
_pالشرق الاوسط و التباين الاقليمى /
_cمحمد ابراهيم حسن ؛ اشراف على اعداده و قدم له السيد على شتا
250 _aط. 1
260 _aالقاهرة :
_bالمكتبة المصرية للنشر و التوزيع ،
_c2014 .
300 _a2 جزء :
_bايض ؛
_c24 سم +
_eجداول .
500 _aالجزء الثانى ، الشمال الافريقى و التكامل الاقليمى
650 0 4 _aالعالم العربى
_xجغرافيا
650 0 4 _aالعالم العربى
_xمصادر المياه
700 0 _aالسيد على شتا
_eمشرف و معد
942 _2ddc
_cBK
999 _c62488
_d62488